Public policy and the challenge of chronic noncommunicable diseases (Record no. 294863)

000 -LEADER
fixed length control field 00686cam a22002177a 4500
008 - FIXED-LENGTH DATA ELEMENTS--GENERAL INFORMATION
fixed length control field 180718b2007 xxu||||| |||| 00| 0 eng d
020 ## - INTERNATIONAL STANDARD BOOK NUMBER
International Standard Book Number 0821370445
082 ## - DEWEY DECIMAL CLASSIFICATION NUMBER
Classification number O3 Av36
100 ## - MAIN ENTRY--PERSONAL NAME
Personal name Adeyi, Olusoji
245 ## - TITLE STATEMENT
Title Public policy and the challenge of chronic noncommunicable diseases
Statement of responsibility, etc. by Olusoji Adeyi, Owen Smith and Sylvia Robles
260 ## - PUBLICATION, DISTRIBUTION, ETC.
Place of publication, distribution, etc. Washington, D.C.
Name of publisher, distributor, etc. World Bank
Date of publication, distribution, etc. 2007
300 ## - PHYSICAL DESCRIPTION
Extent 188p.
650 ## - SUBJECT ADDED ENTRY--TOPICAL TERM
Topical term or geographic name entry element Health Policy.
650 ## - SUBJECT ADDED ENTRY--TOPICAL TERM
Topical term or geographic name entry element Primary Prevention --economics
650 ## - SUBJECT ADDED ENTRY--TOPICAL TERM
Topical term or geographic name entry element Chronic Disease --economics
650 ## - SUBJECT ADDED ENTRY--TOPICAL TERM
Topical term or geographic name entry element World health
650 ## - SUBJECT ADDED ENTRY--TOPICAL TERM
Topical term or geographic name entry element Chronic diseases --Government policy
650 ## - SUBJECT ADDED ENTRY--TOPICAL TERM
Topical term or geographic name entry element World Bank
700 ## - ADDED ENTRY--PERSONAL NAME
Personal name Robles, Sylvia
700 ## - ADDED ENTRY--PERSONAL NAME
Personal name Smith, Owen
Holdings
Withdrawn status Lost status Damaged status Not for loan Permanent Location Current Location Date acquired Full call number Barcode Date last seen Price effective from Koha item type
        Indian Institute of Public Administration Indian Institute of Public Administration 2007-08-16 O3 Av36 WB11484 2018-07-20 2018-07-20 WB

Powered by Koha